| 000 | 01047nam a22002657a 4500 | ||
|---|---|---|---|
| 003 | OSt | ||
| 005 | 20220523034736.0 | ||
| 008 | 170329b xxu||||| |||| 00| 0 eng d | ||
| 020 | _a0965558525 (pbk.) | ||
| 020 | _a0965558517 (hdc.) | ||
| 040 |
_aMMU _cMMU _beng _dMMU |
||
| 050 | 0 | 0 | _aRA427.9 .W47 1997 |
| 100 | 1 |
_aWerner, David, _d1934- |
|
| 245 | 1 | 0 |
_aQuestioning the solution : _bthe politics of primary health care and child survival with an in-depth critique of oral rehydration therapy / _cDavid Werner and David Sanders, with Jason Weston, Steve Babb, and Bill Rodriguez ; original drawings by Alicia Brelsford. |
| 260 |
_aPalo Alto, CA : _bHealthWrights, _cc1997. |
||
| 300 |
_axvi, 206 p. : _bill. ; _c28 cm. |
||
| 500 | _aIncludes bibliographical references (p. [177]-199) and index. | ||
| 650 | 0 | _aPrimary health care. | |
| 650 | 0 |
_aChildren _xHealth and hygiene. |
|
| 650 | 0 | _aOral rehydration therapy. | |
| 650 | 0 | _aMedical policy. | |
| 700 | 1 |
_aSanders, David, _d1945- |
|
| 700 | 1 | _aWeston, Jason. | |
| 942 |
_2lcc _cLOAN LOAN |
||
| 999 |
_c26453 _d26453 |
||